| 000 | 00413nam a22001697a 4500 | ||
|---|---|---|---|
| 005 | 20160625115117.0 | ||
| 008 | 160625b xxu||||| |||| 00| 0 eng d | ||
| 020 | _a81-297-0590-7 | ||
| 041 | _aeng | ||
| 082 | _b10054 | ||
| 100 |
_aMalone, Thomas, W _92758 |
||
| 245 | _aOrganizing Business Knowledge | ||
| 260 |
_aDelhi _bPearson Education _c2004 |
||
| 300 | _a575 | ||
| 650 |
_aManagement _9241 |
||
| 942 | _cBK | ||
| 999 |
_c3986 _d3985 |
||